Cm̤o hacer tesis de maestra̕ y doctorado

Detalles Bibliográficos
Autor principal: Gm̤ez Mendoza, Miguel ℓngel
Otros Autores: Alzate Piedrahita, Mara̕ Victoria, Deslauriers, Jean-Pierre
Formato: eBook
Lenguaje:español
Publicado: Bogot:̀ ECOE, 2017
Materias:
Acceso en línea:Acceso restringido

MARC

LEADER 00000nam a22000007a 4500
005 20220216213035.0
007 cr|||| ||||
008 220216s2017 co |||||s|||| 00||0 spa d
020 |a 9789586488785 
035 |a vLex 
040 |a 35832 
090 |c 13004  |d 13004 
100 1 |a Gm̤ez Mendoza, Miguel ℓngel 
245 1 0 |a Cm̤o hacer tesis de maestra̕ y doctorado  |h [Recurso electrn̤ico] /  |c Miguel ℓngel Gm̤ez Mendoza, Mara̕ Victoria Alzate Piedrahita, Jean-Pierre Deslauriers 
256 |a Servicio en ln̕ea 
260 |a Bogot:̀  |b ECOE,  |c 2017 
300 |a 1 recurso electrn̤ico 
506 1 |a Disponible solo en los productos indicados  |d vLex Global  |d vLex Global (Academic Edition, excluding Law Schools)  |d vLex Global (U.S. Academic Edition, Law Schools)  |d vLex Global (U.S. Academic Edition, excluding Law Schools)  |d vLex Global (Academic Edition, Law Schools) 
650 0 4 |a Educacin̤  |z Colombia 
700 1 |a Alzate Piedrahita, Mara̕ Victoria 
700 1 |a Deslauriers, Jean-Pierre 
740 0 |a vLex Libros (Servicio en ln̕ea) 
856 4 0 |u https://app.vlex.com/#/sources/35832  |z Acceso restringido 
942 |c BOOK 
999 0 |a Education